01279nam a22001217a 4500008004100000100001900041245011000060260004500170300003800215520077500253650008201028773004701110210727b ||||| |||| 00| 0 eng d aYan, Bo et al  aWhy do countries respond differently to Covid-19? A comparative study of Sweden, China, France, and Japan aAmerican Review of Public Administration a50(6-7), Aug-Oct, 2020: p.762-769 aNonpharmaceutical interventions (NPIs) are important public health tools to fight against COVID-19. Governments around the world have instituted a variety of NPIs to modify individuals’ behavior, giving rise to four distinct pandemic response strategies: nudge, mandate, decree, and boost. To better understand the different policy choices involved in these strategies, four countries including Sweden, China, France, and Japan were compared to identify the critical institutional and cultural determinants of national response strategy. The finding shows that various responses regarding same threat are dependent on the distinctive institutional arrangements and cultural orientation of each country, and thus, there is no One-Size-Fits-All strategy. – Reproduced  aCOVID-19, Institutional arrangements, Cultural orientation, Response strategy aAmerican Review of Public Administration